| 000 | 00800nam a22002657a 4500 | ||
|---|---|---|---|
| 001 | 4006 | ||
| 003 | FISKH | ||
| 005 | 20240530092756.0 | ||
| 008 | 240530b cb ||||| |||| 00| 0 eng d | ||
| 020 | _a0590602284 | ||
| 040 |
_aFISKH _beng _cFISKH _dFISKH |
||
| 050 | _aPZ7.V9718 | ||
| 082 | _a813.54 | ||
| 100 |
_aVos Ida _d1931-2006 |
||
| 245 |
_aAnna is still here / _cIda Vos |
||
| 260 |
_aNew York : _bScholastic, _c1995 |
||
| 300 |
_a139 pages : _c20 cm |
||
| 505 | _aH | ||
| 520 | _aThirteen-year-old Anna, who was a "hidden child" in Nazi-occupied Holland during World War II, gradually learns to deal with the realities of being a survivor. | ||
| 521 | 8 |
_a500
_bLexile |
|
| 521 | 8 |
_aH
_bRaz-Plus |
|
| 700 | _aIda Vos | ||
| 942 |
_2ddc _cBK _n0 |
||
| 999 |
_c4006 _d4006 |
||